Relaxation thérapeutique (Record no. 17583)

MARC details
000 -LEADER
fixed length control field 00333 a2200157 4500
035 ## - SYSTEM CONTROL NUMBER
System control number 3582
100 ## - VEDETTE PRINCIPALE - NOM DE PERSONNE
Personal name Meyer, J-P.
245 ## - TITLE STATEMENT
Title Relaxation thérapeutique
260 ## - PUBLICATION, DISTRIBUTION, ETC. (IMPRINT)
Date of publication, distribution, etc 1986
300 ## - PHYSICAL DESCRIPTION
Extent XII-139 p.
700 ## - ADDED ENTRY--PERSONAL NAME
Personal name Baron, E.
700 ## - ADDED ENTRY--PERSONAL NAME
Personal name Chene, J.
Holdings
Withdrawn status Lost status Damaged status Not for loan Location (home branch) Sublocation or collection (holding branch) Date acquired Koha issues (times borrowed) Koha full call number Koha date last seen Price effective from Koha item type
        Bibliothèque Faculté des Sciences de la Santé Bibliothèque Faculté des Sciences de la Santé 27/02/2009   WB 545 REL 27/02/2009 27/02/2009 Livre


© 2008, Bibliothèques de l'Université d'Abomey-Calavi

04 BP 789 Cotonou, Tél. : +229 21 36 01 01, Fax : +229 21 35 06 32

Courriel : bu@bu.uac.bj